000 00605nam a2200241Ia 4500
003 OSt
005 20230413144710.0
008 210423s2003 xx 000 0 und d
020 _a415262143
040 _cAL
041 _aeng
082 _a339.5 JHAR
100 _aJHA (Raghbendra)
_988040
245 _aMacroeconomics for developing countries
250 _a2
260 _aLondon
_bRoutledge
_c2003
300 _axiv,496
_bPB
365 _b695
_cINR
650 _aEconomics
_988041
650 _aMacroeconomics
_988042
906 _acountries ; developing ; Macroeconomics
942 _2ddc
_cBK
999 _c159723
_d159723